| 000 | 01018nam a22002535a 4500 | ||
|---|---|---|---|
| 999 |
_c26831 _d26803 |
||
| 005 | 20180805105428.0 | ||
| 008 | 180805s1993 pl frb 000 0 eng d | ||
| 040 |
_aEG-ScBUE _beng _cEG-ScBUE |
||
| 041 | 1 |
_aeng _hpol |
|
| 082 | 0 | 4 |
_a658.022 _bSMA _222 |
| 245 | 0 | 0 |
_aSmall and medium size enterprises and the role of private industry in Poland : _bthe case of consumer goods industries / _ceditors Piotr Dominiak and Franciszek Blawat ; translation Katarzyna Matschi, Piotr Kuropatwinski. |
| 260 |
_aGdańsk : _bTechnical University of Gdańsk, Faculty of Management and Economics, _c1993. |
||
| 300 |
_a149 p. ; _c24 cm. |
||
| 504 | _aIncludes bibliographical references. | ||
| 546 | _aText in English ; translated from original Polish. | ||
| 650 | _2BUEsh | ||
| 651 | _2BUEsh | ||
| 653 |
_bBUSECO _cAugust2018 |
||
| 700 | 1 |
_aDominiak, Piotr, _eeditor. |
|
| 700 | 1 |
_aBlawat, Franciszek, _eeditor. |
|
| 700 | 1 |
_aMatschi, Katarzyna, _etranslator. |
|
| 700 | 1 |
_aKuropatwinski, Piotr, _etranslator. |
|
| 942 | _2ddc | ||